Fortnite: Battle Royale - Chapter 1 Locations - Statistics

General Stats
  • This quiz has been taken 488 times
  • The average score is 27 of 41
Answer Stats
Season Previous Location Location % Correct
2 Original Tilted Towers
95%
1 Original Retail Row
89%
X Mega Mall (returned) Retail Row
89%
1 Original Loot Lake
87%
1 Original Dusty Depot
86%
X Dusty Divot (returned) Dusty Depot
86%
1 Original Moisty Mire
85%
1 Original Greasy Grove
83%
X Polar Peak (returned) Greasy Grove
83%
1 Original Salty Springs
83%
1 Original Flush Factory
82%
4 Dusty Depot Dusty Divot
81%
1 Original Tomato Town
81%
5 Original Lazy Links
78%
1 Original Pleasant Park
78%
4 Original Risky Reels
77%
1 Original Wailing Woods
74%
1 Original Anarchy Acres
73%
9 Tilted Towers Neo Tilted
73%
2 Original Haunted Hills
71%
7 Risky Reels The Block
71%
3 Original Lucky Landing
70%
1 Original Fatal Fields
69%
5 Moisty Mire Paradise Palms
68%
2 Original Junk Junction
67%
7 Greasy Grove Polar Peak
67%
2 Original Snobby Shores
66%
9 Retail Row Mega Mall
64%
1 Original Lonely Lodge
62%
2 Original Shifty Shafts
58%
5 Tomato Town Tomato Temple
57%
X Neo Tilted Tilted Town
55%
7 Flush Factory Happy Hamlet
42%
8 Lazy Links Lazy Lagoon
40%
7 Original Frosty Flights
39%
X Tilted Town Gotham City
34%
8 The Block (moved) Sunny Steps
30%
6 Loot Lake Leaky Lake
28%
9 Volcano (unnamed POI) Pressure Plant
25%
X Original Starry Suburbs
14%
X Original Pandora
6%
No matching quizzes found
Score Distribution
Percent of People with Each Score
Percentile by Number Answered
Your Score History
You have not taken this quiz